Manual de materia médica y terapéutica escrito para estudiantes y prácticos (Record no. 155803)
[ view plain ]
| 000 -LEADER | |
|---|---|
| campo de control de longitud fija | 01022nam a2200229 i 4500 |
| 001 - NÚMERO DE CONTROL | |
| campo de control | 155803 |
| 003 - IDENTIFICADOR DE NÚMERO DE CONTROL | |
| campo de control | ES-MaACL |
| 005 - FECHA Y HORA DE LA ÚLTIMA TRANSACCIÓN | |
| campo de control | 20250930063134.0 |
| 008 - DATOS DE LONGITUD FIJA--INFORMACIÓN GENERAL | |
| campo de control de longitud fija | 000419s1877 sp |||| | spa d |
| 040 ## - FUENTE DE CATALOGACIÓN | |
| Centro catalogador/agencia de origen | CAM |
| Lengua de catalogación | spa |
| Centro/agencia transcriptor | CAM |
| 100 1# - ENTRADA PRINCIPAL--NOMBRE DE PERSONA | |
| Nombre de persona | Husemann, Theodor Gottfried, |
| Fechas asociadas al nombre | n.1833 |
| 9 (RLIN) | 128101 |
| 245 10 - MENCIÓN DEL TÍTULO | |
| Título | Manual de materia médica y terapéutica escrito para estudiantes y prácticos |
| Resto del título | : con comentarios de Pharmacopea Germanica / |
| Mención de responsabilidad, etc. | por Teodoro Husemann. |
| 250 ## - MENCION DE EDICION | |
| Mención de edición | Ed. española corr. y aum. |
| Resto de la mención de edición | por el autor, vertida al castellano y anotada por José Camó y Montobbio. |
| 260 ## - PUBLICACIÓN, DISTRIBUCIÓN, ETC. | |
| Lugar de publicación, distribución, etc. | Madrid : |
| Nombre del editor, distribuidor, etc. | [s.n.], |
| Fecha de publicación, distribución, etc. | 1877 ( |
| Fabricante | Establecimiento tipográfico de J. Amalio Muñoz) |
| 300 ## - DESCRIPCIÓN FÍSICA | |
| Extensión | 3 v. ; |
| Dimensiones | 23 cm. |
| 597 ## - NOTA DE DESCRIPCIÓN FÍSICA | |
| NOTA DE DESCRIPCIÓN FÍSICA | V.1 (XXV, 558 p.) - V.2 (X, 626 p.) - V.3 (XIII, 655 p.) |
| 650 #4 - PUNTO DE ACCESO ADICIONAL DE MATERIA--TÉRMINO DE MATERIA | |
| Término de materia o nombre geográfico como elemento de entrada | Terapéutica. |
| 9 (RLIN) | 17479 |
| 650 #4 - PUNTO DE ACCESO ADICIONAL DE MATERIA--TÉRMINO DE MATERIA | |
| Término de materia o nombre geográfico como elemento de entrada | Farmacopeas- |
| Subdivisión geográfica | Alemania. |
| 9 (RLIN) | 136088 |
| 700 1# - ENTRADA AGREGADA--NOMBRE PERSONAL | |
| Nombre de persona | Camó y Montobbio, José |
| 9 (RLIN) | 34093 |
| 852 ## - LOCALIZACIÓN | |
| Ubicación | ES-MaACL |
| Número de control de estantería | G-8141-8143 |
| Nota libre | -- Enc. hol. |
| -- | -- Donativo de Vicente Cabello, 1899 |
| Estatus retirado | Estado de pérdida | Estado de daño | No para préstamo | Colección | Biblioteca de origen | Biblioteca actual | Ubicación en estantería | Fecha de adquisición | Fuente de adquisición | Total de préstamos | Signatura topográfica completa | Código de barras | Visto por última vez | Precio de reemplazo | Tipo de ítem Koha |
|---|---|---|---|---|---|---|---|---|---|---|---|---|---|---|---|
| Libros del s. XIX | Biblioteca del Ateneo de Madrid | Biblioteca del Ateneo de Madrid | Sala Pecera Planta 3 | 17/01/2008 | G-8141-8143 | 1162979 | 23/02/2023 | 23/02/2023 | Libro impreso antiguo |
